[Event "NRW-ch U12"]
[Site "Kranenburg"]
[Date "2007.04.10"]
[Round "3"]
[White "Takeuchi, Eiki"]
[Black "Titgemeyer, Sven"]
[Result "1/2-1/2"]
[WhiteElo "1528"]
[BlackElo "1696"]
[PlyCount "38"]
[EventDate "2007.04.09"]
[EventType "swiss"]
[EventRounds "7"]
[EventCountry "GER"]
[SourceTitle "EXT 2008"]
[Source "ChessBase"]
[SourceDate "2007.11.25"]
[SourceVersion "1"]
[SourceVersionDate "2007.11.25"]
[SourceQuality "1"]

1. e4 e5 2. Nf3 Nc6 3. Bc4 Nf6 4. Nc3 Nxe4 5. Nxe4 d5 6. Bb5 dxe4 7. Nxe5 Qg5 8. Nxc6 Qxb5 9. Nd4 Qg5 10. g3 c5 11. Ne2 Bg4 12. d4 Qf6 13. d5 0-0-0 14. c4 b5 15. cxb5 Qf3 16. Rf1 Rxd5 17. Qc2 c4 18. a3 Bh3 19. Ng1 Qg4 1/2-1/2

[Event "NRW-ch U12"]
[Site "Kranenburg"]
[Date "2007.04.09"]
[Round "1"]
[White "Takeuchi, Eiki"]
[Black "Florstedt, Johannes"]
[Result "1-0"]
[WhiteElo "1528"]
[BlackElo "1169"]
[PlyCount "79"]
[EventDate "2007.04.09"]
[EventType "swiss"]
[EventRounds "7"]
[EventCountry "GER"]
[SourceTitle "EXT 2008"]
[Source "ChessBase"]
[SourceDate "2007.11.25"]
[SourceVersion "1"]
[SourceVersionDate "2007.11.25"]
[SourceQuality "1"]

1. e4 e6 2. d4 d5 3. Nc3 Bb4 4. e5 Bxc3+ 5. bxc3 Nc6 6. Qg4 g6 7. Bd3 Nge7 8. Bg5 h6 9. Bf6 Rg8 10. h4 Qd7 11. Qf4 h5 12. Nf3 Nf5 13. Ng5 Na5 14. Nh7 Nc4 15. Bg5 Qa4 16. Nf6+ Kf8 17. Bh6+ Nxh6 18. Qxh6+ Rg7 19. Qh8+ Ke7 20. Qxg7 Bd7 21. Bxg6 Rf8 22. Ng8+ Rxg8 23. Qxf7+ Kd8 24. Qxg8+ Ke7 25. Qg7+ Kd8 26. Qf8+ Be8 27. Bxe8 Qxe8 28. Qxe8+ Kxe8 29. Ke2 Kf7 30. f3 c5 31. g4 Kg6 32. gxh5+ Kxh5 33. Rag1 cxd4 34. Rg8 Nxe5 35. cxd4 Ng6 36. Rg1 Nf4+ 37. Ke3 Kxh4 38. Rh8+ Nh5 39. Rg4+ Kh3 40. Rxh5# 1-0

[Event "GER-ch U10"]
[Site "Willingen"]
[Date "2006.06.04"]
[Round "3"]
[White "Peil, Christoph"]
[Black "Takeuchi, Eiki"]
[Result "1-0"]
[WhiteElo "1339"]
[BlackElo "1065"]
[PlyCount "151"]
[EventDate "2006.06.04"]
[EventType "swiss"]
[EventRounds "11"]
[EventCountry "GER"]
[SourceTitle "EXT 2007"]
[Source "ChessBase"]
[SourceDate "2006.11.23"]
[SourceVersion "1"]
[SourceVersionDate "2006.11.23"]
[SourceQuality "1"]

1. d4 d5 2. c4 e6 3. Nc3 Nf6 4. Bg5 Bb4 5. e3 0-0 6. Nf3 h6 7. Bh4 c6 8. Qb3 Be7 9. Be2 Nbd7 10. 0-0 Qc7 11. Rac1 a6 12. cxd5 exd5 13. Nxd5 Nxd5 14. Qxd5 Bxh4 15. Nxh4 Qd8 16. Qh5 Nf6 17. Qe5 Re8 18. Qc5 Ne4 19. Qh5 Qb6 20. b3 Qb4 21. Bc4 Be6 22. Rfd1 Bxc4 23. bxc4 Qb2 24. Qf3 Qxa2 25. Ra1 Qxc4 26. Nf5 Qe6 27. Ra5 f6 28. Qg4 g5 29. Nxh6+ Kg7 30. Nf5+ Kg6 31. Nh4+ Kh6 32. Qxe6 Rxe6 33. Nf3 Rd8 34. Rb1 Rd7 35. Rb6 Red6 36. g3 Kh5 37. Kg2 Kh6 38. h4 Kg6 39. hxg5 Nxg5 40. Nh4+ Kf7 41. Nf3 Nxf3 42. Kxf3 Rd5 43. Rxd5 cxd5 44. Ke2 Kg6 45. Kf3 Kg5 46. g4 f5 47. gxf5 Kxf5 48. Rh6 Kg5 49. Re6 Rf7+ 50. Ke2 Kf5 51. Re5+ Kf6 52. Rxd5 Rc7 53. Kd3 Ke6 54. Rh5 Rc1 55. Ke4 Ra1 56. Rh6+ Kd7 57. d5 b5 58. Ke5 b4 59. Rh7+ Kd8 60. d6 b3 61. Rb7 Ra5+ 62. Ke6 Rb5 63. Rd7+ Kc8 64. Rc7+ Kb8 65. Rc1 Rh5 66. Rb1 Rh6+ 67. Kd5 Rh5+ 68. Kc6 Kc8 69. Rxb3 Rh6 70. Rb6 a5 71. Ra6 Kb8 72. Rxa5 Rh1 73. Rb5+ Ka7 74. d7 Rh6+ 75. Kc7 Rh7 76. Ra5# 1-0